000 00284nam a22001337a 4500
003 SGT
082 _a617.96
_bY16Y
100 _aYAO, FUN SUN F.
245 _aYAO & ARTUSIOS ANESTHESIOLOGY
250 _a8TH
260 _aINDIA
_bWOLTER
_c2016
300 _a1267
942 _2ddc
_cBK
999 _c14828
_d14828